Educational Technology / Nursing Education (Record no. 357662)

MARC details
000 -LEADER
fixed length control field 00512nam a22001817a 4500
005 - DATE AND TIME OF LATEST TRANSACTION
control field 20240401153739.0
008 - FIXED-LENGTH DATA ELEMENTS--GENERAL INFORMATION
fixed length control field 240401b |||||||| |||| 00| 0 eng d
020 ## - INTERNATIONAL STANDARD BOOK NUMBER
International Standard Book Number 9788189966874
082 ## - DEWEY DECIMAL CLASSIFICATION NUMBER
Classification number 610.7307
Item number PRA
100 ## - MAIN ENTRY--PERSONAL NAME
Author Prasanna Lakshmi M
245 ## - TITLE STATEMENT
Title Educational Technology / Nursing Education
Remainder of title For BSc Nursing Student Third Year V-Semester
250 ## - EDITION STATEMENT
Edition statement 1st
260 ## - PUBLICATION, DISTRIBUTION, ETC.
Place of publication, distribution, etc. Hydrabad
Name of publisher, distributor, etc. Frontline Publications
Date of publication, distribution, etc. 2024
300 ## - PHYSICAL DESCRIPTION
Extent xix;438P.
365 ## - TRADE PRICE
Price type code Rs
Currency code Rs
650 ## - SUBJECT ADDED ENTRY--TOPICAL TERM
Topical term or geographic name entry element Education
942 ## - ADDED ENTRY ELEMENTS (KOHA)
Koha item type Donated Book
Holdings
Withdrawn status Lost status Source of classification or shelving scheme Damaged status Not for loan Home library Current library Date acquired Vendor Net Price Bill number Total Checkouts Full call number Barcode Date last seen Date last checked out Actual Price Bill Date Koha item type Original Barcode Total Renewals Date due
    Dewey Decimal Classification     Sitabai Nargundkar College of Nursing Nagpur Sitabai Nargundkar College of Nursing Nagpur 25/05/2024 Donated by Ms. Madhavi Bhure ,Bhandara 500.00 IK#2024-25#00023 14 610.7307 PRA SNCN-DB-199 28/01/2026 21/01/2026 500.00 22/05/2024 Donated Book DB-199    
    Dewey Decimal Classification     Sitabai Nargundkar College of Nursing Nagpur Sitabai Nargundkar College of Nursing Nagpur 26/09/2024       25 610.7307 PRA SNCN-DB-211 18/02/2026 03/02/2026   26/09/2024 Donated Book   3  
    Dewey Decimal Classification     Sitabai Nargundkar College of Nursing Nagpur Sitabai Nargundkar College of Nursing Nagpur 21/11/2024 29 345.00   10 610.73071 SNCN-BK-3476 28/01/2026 17/12/2025 500.00 21/11/2024 Books 3476    
    Dewey Decimal Classification     Sitabai Nargundkar College of Nursing Nagpur Sitabai Nargundkar College of Nursing Nagpur 21/11/2024 29 345.00   10 610.73071 SNCN-BK-3475 09/01/2026 18/12/2025 500.00 21/11/2024 Books 3475    
    Dewey Decimal Classification     Sitabai Nargundkar College of Nursing Nagpur Sitabai Nargundkar College of Nursing Nagpur 21/11/2024 29 345.00   16 610.73071 SNCN-BK-3474 09/01/2026 15/12/2025 500.00 21/11/2024 Books 3474 2  
    Dewey Decimal Classification     Sitabai Nargundkar College of Nursing Nagpur Sitabai Nargundkar College of Nursing Nagpur 21/11/2024 29 345.00   2 610.73071 SNCN-BK-3477 05/12/2024 05/12/2024 500.00 21/11/2024 Books 3477   04/01/2025
    Dewey Decimal Classification     Sitabai Nargundkar College of Nursing Nagpur Sitabai Nargundkar College of Nursing Nagpur 21/11/2024 29 345.00   15 610.73071 SNCN-BK-3478 09/01/2026 29/12/2025 500.00 21/11/2024 Books 3478 1  
    Dewey Decimal Classification     Sitabai Nargundkar College of Nursing Nagpur Sitabai Nargundkar College of Nursing Nagpur 26/08/2025       5 610.7307 PRA SNCN-CB-105 17/02/2026 27/01/2026   26/08/2025 Compact Books   1